Statistiques concernant Stations du métro de Montréal sur une carte

Cliquez ici pour prendre le quiz!

Statistiques générales

  • Ce quiz a été pris 1 685 fois
  • Le résultat moyen est 46 sur 73

Réponses sur la Carte

Les réponses sont colorées sur une échelle allant du rouge au vert en fonction du pourcentage des utilisateurs qui les ont devinées à leur premier essai. Vous pouvez retrouver ces pourcentages ci-dessous.
 

Statistiques - réponses

groupRéponse% Correct
Ligne orangeBerri-UQÀM
90%
Ligne jauneBerri-UQÀM
90%
Ligne verteBerri-UQÀM
90%
Ligne bleueJean-Talon
83%
Ligne orangeJean-Talon
83%
Ligne verteMcGill
82%
Ligne orangeMontmorency
82%
Ligne orangeCôte-Vertu
80%
Ligne orangeMont-Royal
80%
Ligne jauneLongueuil–Université-de-Sherbrooke
79%
Ligne orangeSherbrooke
79%
Ligne verteAngrignon
78%
Ligne jauneJean-Drapeau
78%
Ligne vertePlace-des-Arts
78%
Ligne orangeSnowdon
76%
Ligne bleueSnowdon
76%
Ligne bleueUniversité-de-Montréal
75%
Ligne orangeLionel-Groulx
74%
Ligne verteLionel-Groulx
74%
Ligne verteHonoré-Beaugrand
73%
Ligne bleueSaint-Michel
72%
Ligne orangePlace-d'Armes
71%
Ligne vertePie-IX
70%
Ligne vertePeel
69%
Ligne verteSaint-Laurent
69%
Ligne orangeRosemont
68%
Ligne orangeSquare-Victoria–OACI
68%
Ligne bleueCôte-des-Neiges
67%
Ligne orangeLaurier
67%
Ligne orangeBeaubien
66%
Ligne orangeBonaventure
66%
Ligne verteGuy-Concordia
66%
Ligne verteAtwater
64%
Ligne orangeChamp-de-Mars
64%
Ligne orangeHenri-Bourassa
63%
Ligne vertePapineau
62%
Ligne bleueParc
62%
Ligne verteVerdun
62%
Ligne verteBeaudry
61%
Ligne orangeJarry
61%
Ligne orangeCrémazie
60%
Ligne orangeLucien-L'Allier
58%
Ligne bleueOutremont
58%
Ligne orangeVilla-Maria
58%
Ligne verteJoliette
57%
Ligne verteViau
56%
Ligne orangeCartier
55%
Ligne bleueÉdouard-Montpetit
55%
Ligne orangeNamur
54%
Ligne orangeSauvé
54%
Ligne orangeDe La Concorde
52%
Ligne orangeDe La Savane
52%
Ligne verteDe L'Église
52%
Ligne verteFrontenac
52%
Ligne vertePréfontaine
52%
Ligne orangeVendôme
52%
Ligne bleueAcadie
51%
Ligne verteLaSalle
50%
Ligne verteRadisson
50%
Ligne verteCadillac
49%
Ligne orangeDu Collège
49%
Ligne verteMonk
49%
Ligne bleueFabre
48%
Ligne orangeCôte-Sainte-Catherine
47%
Ligne orangePlace-Saint-Henri
47%
Ligne orangePlamondon
47%
Ligne bleueDe Castelnau
46%
Ligne bleueD'Iberville
45%
Ligne verteLangelier
45%
Ligne orangeGeorges-Vanier
44%
Ligne verteAssomption
41%
Ligne verteJolicoeur
40%
Ligne verteCharlevoix
39%

Distribution des résultats

Percentile par nombre de réponses

% des personnes avec chaque résultat

Votre développement - résultats

Vous n’avez pas pris ce quiz